000 00568nam a2200217 a 4500
001 0001-2099
003 ELIB.Books
008 190723 2010 eng
020 _aKBTS
092 _a267.3
_bShe
100 _aShedd, Clarence.
245 _aHistory of the World's Alliance of Young Men's Christian Association
260 _aLondon
_bS.P.C.K
_c1955
300 _a746
_c20cm
650 _aHistory
856 _nKBTS Library
_uKBTS Elib
942 _2ddc
_cBK
990 _a2
998 _aEnglishbooks.elf
_ccat
_e2019-07-23
999 _c12099
_d12099